000 00618nam a2200229 4500
003 LK-CoMWRAF
005 20231109120511.0
008 230826b1993 |||||||| |||| 00| 0 eng d
020 _a 0671400274
040 _aLK-CoMWRAF
_dLK-CoMWRAF
_eLK-CoMWRAF
041 _aeng
082 _a305.26
_bBET
100 _aFriedan, Betty
245 _aThe Fountain of age
260 _aNew York :
_bSimon & Schuster,
_c1993
300 _a671 p. ; 25 cm.
_bIndex included
650 _aOLD AGE-United States
650 _aOlder people
650 _aAging--Social aspects-
650 _aAgeism--United States
942 _cBK
999 _c3277
_d3277